Emoce a sponzorský marketing
Sponzorský marketing je plaforma, na základe ktorej môže sponzor prezentovať svoje komerčné aktivity. V prípade športu tvorí túto platformu napätie, očakávanie, prekvapenie, uspokojenie aj sklamanie - t.j. emócie. Preto si sponzori musia uvedomiť emočné reakcie spotrebiteľov počas určitej akcie. Neu...
Enregistré dans:
| Auteur principal: | |
|---|---|
| Autres auteurs: | , |
| Format: | Chapitre de livre |
| Langue: | tchèque |
| Sujets: | |
| Tags: |
Pas de tags, Soyez le premier à ajouter un tag!
|
MARC
| LEADER | 00000naa$a2200000$$$4500 | ||
|---|---|---|---|
| 001 | 0075724 | ||
| 005 | 20231019093059.6 | ||
| 041 | 0 | |a cze | |
| 044 | |a CZ | ||
| 245 | 1 | 0 | |a Emoce a sponzorský marketing |c Charles Bal, Pascale G. Quester, Stéphane Boucher |
| 520 | |a Sponzorský marketing je plaforma, na základe ktorej môže sponzor prezentovať svoje komerčné aktivity. V prípade športu tvorí túto platformu napätie, očakávanie, prekvapenie, uspokojenie aj sklamanie - t.j. emócie. Preto si sponzori musia uvedomiť emočné reakcie spotrebiteľov počas určitej akcie. Neuroveda je súčasťou budúcnosti prieskumov marketingu. Sponzori by mali založiť svoje rozhodnutie o partnerstve na očakávanom emocionálnom dopade sponzorovanej akcie na najrôznejšie spotrebiteľské skupiny. | ||
| 610 | 2 | 0 | |a marketing |
| 610 | 2 | 0 | |a sponzorovanie |
| 610 | 2 | 0 | |a šport |
| 610 | 2 | 0 | |a firmy |
| 610 | 2 | 0 | |a spotrebitelia |
| 610 | 2 | 0 | |a značky výrobkov |
| 610 | 2 | 0 | |a veda |
| 610 | 2 | 0 | |a výskum |
| 100 | 1 | |a Bal, Charles | |
| 700 | 1 | |a Quester, Pascale G. | |
| 700 | 1 | |a Boucher, Stéphane | |